000 00307 a2200109 4500
001 ART_23948
005 20260410161933.0
008 260409a
245 1 0 _aIntercambio con Japón
100 1 _aVidal Serin, Antonio
773 0 _tInforme
_g- Año VIII, Nº 46 (ene./mar. 1976)
_wREV23765
999 _c28750
_d28750